KOHA-Header-6

Introduction to Automata Theory Languages (Record no. 7862)

000 -LEADER
fixed length control field 00263nam a2200109Ia 4500
020 ## - INTERNATIONAL STANDARD BOOK NUMBER
ISBN 978-0201441246
100 ## - MAIN ENTRY--AUTHOR NAME
Personal name Hopcroft , Ullman
245 #0 - TITLE STATEMENT
Title Introduction to Automata Theory Languages
260 ## - PUBLICATION, DISTRIBUTION, ETC. (IMPRINT)
Place of publication New Delhi
Name of publisher McGraw Hill
Year of publication 2000
300 ## - PHYSICAL DESCRIPTION
Number of Pages 521
942 ## - ADDED ENTRY ELEMENTS (KOHA)
Koha item type Books
Holdings
Withdrawn status Lost status Collection code Permanent Location Current Location Shelving location Date acquired Full call number Accession Number Koha item type
    Electrical Engineering MAJU MAJU   2019-09-12 005.2 2107 Electrical Engineering

Powered by Koha